000 00928nam a2200265Ia 4500
003 OSt
005 20220923210958.0
006 a|||||r|||| 00| 0
007 ta
008 220922b |||||||| |||| 00| 0 hin d
020 _a8170160308 (hbk)
_c200
024 _a263,958
037 _b144, 30/08/2012, Eastern Book Linkers
_cTextual
040 _aARTS
_cARTS
_bhin
041 _2hin
_ahin
082 _aO152,3N35,TL, L8;Q0
100 _aजोशी, हिमांशु
_9156789
245 0 _aतुम्हारे लिए
246 _aTumhāre lie
260 _aनयी दिल्ली
_b किताबघर प्रकाशन
_c2010
300 _a152पृ.
_ccm.
650 _aहिन्दी साहित्य
_9156264
942 _hO152,3N35,TL, L8;Q0
_cTEXL
_2CC
999 _c293440
_d293440